Online
Catalog

Manuela Saenz : (Record no. 21597)

MARC details
000 -CABECERA
campo de control de longitud fija 00641nam a2200193 a 4500
001 - NÚMERO DE CONTROL
campo de control 000022099
005 - FECHA Y HORA DE LA ÚLTIMA TRANSACCIÓN
campo de control 20200930011600.0
008 - DATOS DE LONGITUD FIJA--INFORMACIÓN GENERAL
campo de control de longitud fija 100916s|||| ec r 000 |bspa d
040 ## - FUENTE DE LA CATALOGACIÓN
Centro catalogador/agencia de origen DO-SdBNP
Lengua de catalogación spa
Centro/agencia transcriptor BNPHU
082 ## - NÚMERO DE LA CLASIFICACIÓN DECIMAL DEWEY
Número de clasificación xxx
Número de documento/Ítem S127R
049 ## - FONDOS LOCALES (OCLC)
Fondos de biblioteca BNGR
100 1# - ENTRADA PRINCIPAL--NOMBRE DE PERSONA
Nombre de persona Rumazo G., Alfonso
9 (RLIN) 45789
245 10 - MENCIÓN DE TÍTULO
Título Manuela Saenz :
Resto del título la libertadora del libertador /
Mención de responsabilidad, etc. Alfonso Rumazo G.; introducción de Hernán Rodríguez Castelo.
260 ## - PUBLICACIÓN, DISTRIBUCIÓN, ETC.
Lugar de publicación, distribución, etc. Quito :
Nombre del editor, distribuidor, etc. Publicaciones Educativas Ariel,
Fecha de publicación, distribución, etc. [s.l.].
300 ## - DESCRIPCIÓN FÍSICA
Extensión 154 p. :
Otras características físicas il. ;
Dimensiones 18 cm.
490 ## - MENCIÓN DE SERIE
Mención de serie Clásico;
Designación de volumen o secuencia 32
700 1# - PUNTO DE ACCESO ADICIONAL--NOMBRE DE PERSONA
Nombre de persona Rodríguez Castelo, Hernán
-- introd.
9 (RLIN) 4689
834 ## -
-- Clásico;
-- 32
Holdings
Estado de retiro Estado de pérdida Restricciones de uso No para préstamo Código de colección Localización permanente Ubicación/localización actual Ubicación en estantería Fecha de adquisición Número de inventario Total de préstamos Signatura topográfica completa Código de barras Fecha visto por última vez Precio válido a partir de Tipo de ítem Koha
      Excluido de préstamo Monografías: Libros y Folletos General General En catalogación 16.09.2010 LF1   xxx S127R 22099-10 25.06.2020 25.06.2020 No se presta

Powered by Koha